Truyện về đức Trung Hòa
Spremljeno u:
| Format: | Knjiga |
|---|---|
| Izdano: |
2006
|
| Oznake: |
Dodaj oznaku
Bez oznaka, Budi prvi tko označuje ovaj zapis!
|
| Thư viện lưu trữ: | Mạng thư viện Đại học Đà Nẵng |
|---|
| LEADER | 00442nam a22001811a 4500 | ||
|---|---|---|---|
| 001 | 000039123 | ||
| 003 | 15418 | ||
| 005 | 20160412021921.0 | ||
| 008 | 160412s2006 000 | ||
| 082 | |a 4V(TK)698-99 | ||
| 245 | |a Truyện về đức Trung Hòa |c Phan Việt A | ||
| 260 | |c 2006 | ||
| OWN | |a LNN | ||
| 999 | |a From the UDN01 | ||
| TYP | |a Monograph | ||
| 980 | |a Mạng thư viện Đại học Đà Nẵng | ||